Insect pheromone technology : chemistry and applications /

Bibliographic Details
Corporate Authors: American Chemical Society. Division of Pesticide Chemistry, Symposium on Chemistry and Applications of Insect Pheromone Technology
Other Authors: Leonhardt, Barbara A., 1936-, Beroza, Morton, 1917-
Format: Conference Proceeding Book
Language:English
Published: Washington, D.C. : American Chemical Society, 1982.
Series:ACS symposium series ; 190.
Subjects:

MARC

Tag First Indicator Second Indicator Subfields
LEADER 00000pam a2200000 a 4500
001 in00000088268
005 20151008063118.0
008 820504s1982 dcua b 10100 eng
010 |a  82008714  
020 |a 0841207240 
035 |a (OCoLC)08476298 
035 |9 AAK1604AM 
039 0 |a 2  |b 3  |c 3  |d 3  |e 3 
040 |a DLC  |c DLC  |d TXA  |d UtOrBLW 
049 |a TXAM  |c [1673496] 
050 0 0 |a SB933.5  |b  I56 1982 
082 0 |a 628.9/657  |2 19 
245 0 0 |a Insect pheromone technology :  |b chemistry and applications /  |c  Barbara A. Leonhardt, editor, Morton Beroza, editor. 
264 1 |a Washington, D.C. :  |b American Chemical Society,  |c 1982. 
300 |a x, 260 pages :  |b illustrations ;  |c 24 cm. 
336 |a text  |b txt  |2 rdacontent 
337 |a unmediated  |b n  |2 rdamedia 
338 |a volume  |b nc  |2 rdacarrier 
490 1 |a ACS symposium series,  |x 0097-6156 ;  |v 190 
500 |a Based on the papers presented at the Symposium on Chemistry and Applications of Insect Pheromone Technology, sponsored by the Division of Pesticide Chemistry, at the 182nd Meeting of the American Chemical Society, New York, N.Y., Aug. 25-26, 1981. 
504 |a Includes bibliographical references and index. 
650 0 |a Insect sex attractants  |x Congresses. 
650 0 |a Pheromones  |x Congresses. 
700 1 |a Leonhardt, Barbara A.,  |d 1936- 
700 1 |a Beroza, Morton,  |d 1917- 
710 2 |a American Chemical Society.  |b Division of Pesticide Chemistry. 
711 2 |a Symposium on Chemistry and Applications of Insect Pheromone Technology  |d (1981 :  |c New York, N.Y.) 
830 0 |a ACS symposium series ;  |v 190. 
999 |a MARS 
999 f f |s b8601846-4210-309c-9eca-4e42a30f3e6c  |i 9c1ca0cf-0382-33dc-862b-2190ed2ca45f  |t 0 
952 f f |p ric  |a Texas A&M University  |b Rellis Campus  |c Joint Library Facility  |d Remote Storage  |t 0  |e SB933.5 I56 1982  |h Library of Congress classification  |i unmediated -- volume  |m A14805975312 
998 f f |a SB933.5 I56 1982  |t 0  |l Remote Storage